000 00512nam a2200181 4500
001 565
005 20181127161646.0
020 0 0 _a8180546938
090 0 0 _a364.07 K176e 2009
100 0 0 _aKapoor, N. D.
245 0 0 _aElements of mercantile law:
_bIncluding company law and industrial law /
_cN. D. Kapoor
_h
250 0 0 _a29th ed.
260 0 0 _aNew Delhi :
_bSultan Chand & Sons,
_c2009.
500 0 0 _a
650 0 0 _a
_x
650 0 0 _aCommercial law --India.
_x
650 0 0 _aLabor laws and legislation --India.
_x
999 _c428
_d428